|
|
|
|
| LEADER |
00000nab a2200000 a 4500 |
| 001 |
vtls000005685 |
| 003 |
SK-MaSNL |
| 005 |
20260303021209.0 |
| 008 |
150430c1978 xo 0 slo |
| 015 |
|
|
|a SNBRB19rr/mm-uuuuu
|
| 035 |
|
|
|a CL0015778
|
| 040 |
|
|
|a SNKBUCL
|b slo
|c SNKBUCL
|e AACR2
|
| 041 |
0 |
|
|a slo
|
| 044 |
|
|
|a xo
|c SK
|
| 080 |
|
|
|a 82(091):884"19":92
|2 1981
|
| 080 |
|
|
|a 884"19"
|2 1981
|
| 080 |
|
|
|a 884(091)"19"
|2 1981
|
| 080 |
|
|
|a 92 Zaslawski, Henryk
|2 1981
|
| 100 |
1 |
|
|a Servátka, Marián,
|d 1951-
|4 aut
|9 141279
|
| 245 |
1 |
0 |
|a O autoroch:
|c Marián Servátka
|
| 500 |
|
|
|a Literárna príloha.
|
| 650 |
0 |
7 |
|a Zaslawski, Henryk
|2 snkbucl
|9 1001947
|
| 650 |
0 |
7 |
|a poľská literatúra
|2 snkbucl
|9 1201
|
| 655 |
|
7 |
|a články z novín a časopisov
|2 snkbucl
|9 267496
|
| 655 |
|
7 |
|a články z odboru literárna veda a krásna literatúra
|2 snkbucl
|9 770045
|
| 773 |
0 |
|
|t Smena na nedeľu
|g Roč. 13, č. 16 (30. 6. 1978), s. 12
|
| 850 |
|
|
|a Slovenská národná knižnica v Martine
|a MTA001
|
| 852 |
|
|
|a SNK
|b KIS3GCP
|
| 958 |
|
|
|a RK
|
| 958 |
|
|
|a LX
|
| 958 |
|
|
|a SK
|
| 992 |
|
|
|a RBX
|
| 999 |
|
|
|c 1621921
|d 1623851
|